000 00481nam a2200181Ia 4500
008 240925s9999 xx 000 0 und d
020 _a9781119952879
082 _a150.15195 HAN
100 _aHanna, Donncha.
245 0 _aPsychology Statistics for Dummies
250 _aNA
260 _aNew York:
_bJohn Wiley & Sons
_c,2012.
300 _a858p.
_bNA
_fOriginal
500 _aIncludes Index
600 _aHumanities & Natural Science
650 _aPsychology
942 _cBK
999 _c14791
_d14791